[Event "Solingen 3 - Bielefeld"]
[Site "?"]
[Date "2024.04.07"]
[Round "8.5"]
[White "Winkler, Yonathan"]
[Black "Borchert, Stephan"]
[Result "1-0"]
[WhiteElo "2081"]
[BlackElo "2059"]
[PlyCount "47"]
[EventDate "2024.??.??"]

1. e4 e5 2. Nf3 Nc6 3. Bb5 a6 4. Ba4 Nf6 5. d3 d6 6. c3 Be7 7. h3 O-O 8. O-O b5 9. Bb3 Bb7 10. a4 Na5 11. Bc2 c5 12. Re1 Nd7 13. d4 cxd4 14. cxd4 Nc6 15. Nc3 b4 16. Nd5 Re8 17. Bb3 h6 18. Ne3 exd4 19. Nf5 Bf8 20. N3h4 Nc5 21. Qg4 Ne5 22. Nxh6+ Kh7 23. Bxf7 Nxg4 24. Bg8+ 1-0

[Event "Solingen 3 - Bielefeld"]
[Site "?"]
[Date "2024.04.07"]
[Round "8.6"]
[White "Peschel, Andreas"]
[Black "Koehler, Justus"]
[Result "1/2-1/2"]
[WhiteElo "2034"]
[BlackElo "2072"]
[PlyCount "61"]
[EventDate "2024.??.??"]

1. Nf3 Nf6 2. g3 g6 3. b3 Bg7 4. Bb2 O-O 5. d4 d5 6. Bg2 Bf5 7. O-O c6 8. c4 Qc8 9. Re1 Ne4 10. Nbd2 Nxd2 11. Nxd2 Rd8 12. Rc1 Qd7 13. Nf3 Be4 14. Qd2 Na6 15. Red1 Qe8 16. cxd5 cxd5 17. Qa5 Rac8 18. Bh3 Rxc1 19. Rxc1 Bxf3 20. exf3 e6 21. Bf1 Rc8 22. Rc3 Rxc3 23. Qxc3 Bf8 24. Bc1 Nb4 25. Qb2 Qd8 26. a3 Nc6 27. Bb5 Qb6 28. Bxc6 Qxc6 29. Bd2 b5 30. Bb4 Bxb4 31. axb4 1/2-1/2

[Event "Solingen 3 - Bielefeld"]
[Site "?"]
[Date "2024.04.07"]
[Round "8.7"]
[White "Roemhild, Marcus"]
[Black "Blasek, Ralph"]
[Result "0-1"]
[WhiteElo "2043"]
[BlackElo "2147"]
[PlyCount "94"]
[EventDate "2024.??.??"]

1. c4 e5 2. Nc3 Nf6 3. g3 h5 4. Nf3 e4 5. Ng5 c6 6. Ngxe4 Nxe4 7. Nxe4 d5 8. cxd5 cxd5 9. Nc3 d4 10. Nb1 Qd5 11. Rg1 Nc6 12. Bg2 Qf5 13. d3 Be6 14. Nd2 Rc8 15. a3 Be7 16. Nb3 Bf6 17. Nd2 Qa5 18. Rb1 h4 19. b4 Qc7 20. Ne4 Be7 21. Bf4 Qd8 22. gxh4 Rxh4 23. Bg3 Rh6 24. Rc1 Kf8 25. Nc5 Bf5 26. Be4 Bh3 27. Bf4 g5 28. Bd2 b6 29. Nb3 Ne5 30. f4 f5 31. Rxc8 Qxc8 32. Bd5 Qd8 33. Bg2 Bxg2 34. Rxg2 Qd5 35. Kf2 Ng4+ 36. Kg1 Bd6 37. Qc2 Bxf4 38. Bxf4 gxf4 39. Qc8+ Ke7 40. Nd2 Rc6 41. Qb7+ Kf6 42. Nf1 f3 43. exf3 Ne5 44. Qg7+ Ke6 45. Re2 f4 46. Nd2 Kf5 47. Kf2 Nxd3+ 0-1

[Event "Solingen 3 - Bielefeld"]
[Site "?"]
[Date "2024.04.07"]
[Round "8.8"]
[White "Koshel, Stanislav"]
[Black "Becker, Friedhelm"]
[Result "1-0"]
[WhiteElo "1917"]
[BlackElo "1861"]
[PlyCount "41"]
[EventDate "2024.??.??"]

1. c4 e5 2. Nc3 Nc6 3. Nf3 Nf6 4. e3 d5 5. cxd5 Nxd5 6. Bb5 Nxc3 7. bxc3 Bd7 8. d4 Bd6 9. Bxc6 Bxc6 10. dxe5 Bxf3 11. Qxf3 Bxe5 12. O-O O-O 13. Ba3 Re8 14. Rad1 Qh4 15. g3 Qa4 16. Bc5 b6 17. Bd4 c6 18. Rd2 Rac8 19. Rfd1 Qc4 20. Bxe5 Rxe5 21. Qf5 1-0

[Event "Dinslaken - Solingen 3"]
[Site "?"]
[Date "2024.04.28"]
[Round "9.1"]
[White "Zolfagharian, Kevin"]
[Black "Sonnenschein, Philipp"]
[Result "1-0"]
[WhiteElo "2221"]
[BlackElo "2178"]
[PlyCount "89"]
[EventDate "2024.??.??"]

1. Nf3 d5 2. g3 Nc6 3. d4 Bf5 4. Bg2 Nb4 5. Na3 e6 6. O-O Be7 7. c3 Nc6 8. Qa4 Nf6 9. Ne5 O-O 10. Nxc6 bxc6 11. Bf4 c5 12. Rac1 Rb8 13. b3 Qd7 14. Qa5 cxd4 15. cxd4 Rfc8 16. Nb1 Bb4 17. Qa6 Bxb1 18. Rxb1 Qb5 19. Qxb5 Rxb5 20. Rfc1 c5 21. Rc2 Rb6 22. a3 Bxa3 23. dxc5 Rb5 24. c6 Bc5 25. e4 dxe4 26. Bf1 Rb6 27. Rxc5 Rbxc6 28. b4 Nd5 29. Rxc6 Rxc6 30. b5 Rb6 31. Be3 Nxe3 32. fxe3 f5 33. Ra1 Rb7 34. Ra6 Kf7 35. Bc4 Re7 36. Kf1 g5 37. Ke1 Kf6 38. Kd2 Ke5 39. Kc3 h5 40. Rc6 h4 41. Kb4 hxg3 42. hxg3 f4 43. gxf4+ gxf4 44. Rc5+ Kd6 45. exf4 1-0

[Event "Dinslaken - Solingen 3"]
[Site "?"]
[Date "2024.04.28"]
[Round "9.2"]
[White "Sielecki, Christof"]
[Black "Kniest, Oliver"]
[Result "1/2-1/2"]
[WhiteElo "2403"]
[BlackElo "2257"]
[PlyCount "105"]
[EventDate "2024.??.??"]

1. e4 e5 2. Nf3 Nc6 3. Bb5 a6 4. Ba4 Nf6 5. d3 d6 6. c3 g6 7. O-O Bg7 8. Nbd2 O-O 9. Re1 Nd7 10. Nf1 Nc5 11. Bc2 Ne6 12. Ng3 Nb8 13. d4 exd4 14. cxd4 c5 15. d5 Nd4 16. Nxd4 Bxd4 17. Rb1 b5 18. Be3 Bg7 19. Qd2 Re8 20. b4 Nd7 21. bxc5 Nxc5 22. Bd4 Bxd4 23. Qxd4 Qg5 24. Re3 Bb7 25. Nf5 gxf5 26. Rg3 Qxg3 27. fxg3 fxe4 28. Rf1 Re5 29. Qf2 Bxd5 30. Qf6 Be6 31. Qe7 Bxa2 32. Qxd6 Rae8 33. Rf4 f5 34. g4 e3 35. Rf1 e2 36. Re1 fxg4 37. Qh6 R8e7 38. h3 Bc4 39. hxg4 Bd3 40. Qd2 Bxc2 41. Qxc2 a5 42. g5 Kg7 43. Qc3 b4 44. Qd4 Kf7 45. Qf4+ Ke8 46. Qg4 Kd8 47. Qd4+ Nd7 48. Qa7 Rf7 49. Qa8+ Ke7 50. Qa6 Rf1+ 51. Rxf1 exf1=Q+ 52. Qxf1 Rxg5 53. Qd3 1/2-1/2

[Event "Dinslaken - Solingen 3 "]
[Site "?"]
[Date "2024.04.28"]
[Round "9.3"]
[White "Asadzade, Idris"]
[Black "Ossig, Rainer"]
[Result "1-0"]
[WhiteElo "2208"]
[BlackElo "2168"]
[PlyCount "93"]
[EventDate "2024.??.??"]

1. c4 e6 2. g3 d5 3. Nf3 Nf6 4. Bg2 Be7 5. O-O O-O 6. d4 Nbd7 7. Nbd2 a5 8. Qc2 c5 9. cxd5 Nxd5 10. a3 b6 11. Rd1 Ba6 12. e4 N5f6 13. dxc5 Nxc5 14. Nc4 Qc7 15. Bf4 Qa7 16. e5 Nd5 17. Ng5 Bxg5 18. Bxg5 h6 19. Bc1 Rac8 20. Nd6 Rc7 21. Bxd5 exd5 22. Qf5 Bc8 23. Nxc8 Rcxc8 24. Be3 Nb3 25. Rab1 Rcd8 26. Rd3 Nc5 27. Rd4 Qd7 28. Qh5 f5 29. exf6 Rxf6 30. Rbd1 Rf5 31. Qg4 h5 32. Qh4 Ne6 33. R4d3 d4 34. b4 axb4 35. axb4 Rd5 36. Qe4 Qf7 37. Bxd4 Ng5 38. Qe3 Re8 39. Qc1 Re2 40. Qc8+ Re8 41. Qc3 Qb7 42. h4 Ne4 43. Qb3 Kh7 44. Be3 Rxd3 45. Qxd3 Qb8 46. Bf4 Qc8 47. f3 1-0

[Event "Dinslaken - Solingen 3"]
[Site "?"]
[Date "2024.04.28"]
[Round "9.4"]
[White "Graeber, Ralf"]
[Black "Borchert, Stephan"]
[Result "1-0"]
[WhiteElo "2153"]
[BlackElo "2059"]
[PlyCount "57"]
[EventDate "2024.??.??"]

1. d4 Nf6 2. Nc3 e6 3. Bf4 Bb4 4. e3 Nd5 5. Nge2 Nxf4 6. Nxf4 O-O 7. Bd3 f5 8. g4 c5 9. gxf5 cxd4 10. exd4 Qh4 11. Qf3 Nc6 12. Qg3 Qh6 13. Nfe2 exf5 14. Bc4+ Kh8 15. f4 Na5 16. Bd5 Qd6 17. O-O-O Rb8 18. Rhg1 g6 19. h4 b5 20. h5 Rf6 21. Qh4 Ba6 22. hxg6 Rxg6 23. Rxg6 Qxg6 24. Rg1 Qd6 25. Qg5 Qf8 26. Bg8 Be7 27. Qh5 Qxg8 28. Rxg8+ Rxg8 29. Nd5 1-0

[Event "Dinslaken - Solingen 3"]
[Site "?"]
[Date "2024.04.28"]
[Round "9.5"]
[White "Rittmann, Dirk"]
[Black "Brockhaus, Philip"]
[Result "1/2-1/2"]
[WhiteElo "2071"]
[BlackElo "2006"]
[PlyCount "72"]
[EventDate "2024.??.??"]

1. e4 c6 2. d4 d5 3. Nc3 dxe4 4. Nxe4 Nf6 5. Nxf6+ exf6 6. c3 Bd6 7. Bd3 O-O 8. Ne2 Re8 9. O-O Nd7 10. Bf4 Nf8 11. Qd2 Be6 12. Bxd6 Qxd6 13. Nf4 Bd7 14. Rfe1 g6 15. b4 Kg7 16. a4 f5 17. h4 h6 18. g3 Nh7 19. Rxe8 Rxe8 20. Re1 Rxe1+ 21. Qxe1 Nf6 22. Qe2 b6 23. Bc4 Ne4 24. Qe3 c5 25. bxc5 bxc5 26. Bb5 Bxb5 27. axb5 cxd4 28. cxd4 Qb4 29. d5 g5 30. hxg5 hxg5 31. Nd3 Qxb5 32. f3 Nxg3 33. Qxg5+ Kf8 34. Qd8+ Kg7 35. Qg5+ Kf8 36. Qd8+ Kg7 1/2-1/2

[Event "Dinslaken - Solingen 3"]
[Site "?"]
[Date "2024.04.28"]
[Round "9.6"]
[White "Kleff, Andre"]
[Black "Erkay, Necip Ali"]
[Result "1/2-1/2"]
[WhiteElo "2097"]
[BlackElo "1867"]
[PlyCount "50"]
[EventDate "2024.??.??"]

1. d4 Nf6 2. Bf4 d5 3. e3 Bf5 4. c4 e6 5. Nc3 Bd6 6. Bg3 O-O 7. Nf3 Bxg3 8. hxg3 Nbd7 9. cxd5 exd5 10. Bd3 Bxd3 11. Qxd3 Re8 12. Qf5 Nf8 13. Ne5 c6 14. g4 Qc8 15. Qf4 Re7 16. O-O-O N6d7 17. Nd3 Qb8 18. Qg5 f6 19. Qf5 Qe8 20. Nf4 Qf7 21. Qc2 Nb6 22. Kb1 Nc4 23. Ka1 Nd6 24. Rh3 g6 25. a3 Ne4 1/2-1/2

[Event "Dinslaken - Solingen 3"]
[Site "?"]
[Date "2024.04.28"]
[Round "9.7"]
[White "Fetahovic, Sarah"]
[Black "Riekenbrauk, Joerg"]
[Result "0-1"]
[WhiteElo "1749"]
[BlackElo "1935"]
[PlyCount "106"]
[EventDate "2024.??.??"]

1. e4 Nf6 2. e5 Nd5 3. d4 d6 4. c4 Nb6 5. exd6 cxd6 6. Nc3 g6 7. Bd3 Bg7 8. Be3 Nc6 9. Nge2 O-O 10. O-O d5 11. c5 Nc4 12. Bxc4 dxc4 13. Qa4 Nxd4 14. Nxd4 Bxd4 15. Rfd1 e5 16. Bxd4 exd4 17. Qxc4 Be6 18. Qxd4 Qxd4 19. Rxd4 Rfc8 20. Ne4 a5 21. a3 b6 22. cxb6 Rc6 23. b7 Rb8 24. Nd6 Bb3 25. Rd3 a4 26. Re1 Kf8 27. Re8+ Rxe8 28. h3 Rb8 29. Kh2 Be6 30. Kg3 Ke7 31. Nb5 Rxb7 32. Nc3 Rxb2 33. Nxa4 Rb3 34. Rxb3 Bxb3 35. Nb2 Bc2 36. a4 Ke6 37. Kf3 Kd5 38. a5 Kd4 39. g4 Kc3 40. Ke3 Kxb2 41. h4 Ra6 42. f4 Rxa5 43. Kd4 Ra4+ 44. Ke5 Re4+ 45. Kf6 Rxf4+ 46. Kg5 Rb4 47. Kf6 Rxg4 48. Ke5 Rxh4 49. Kf6 Bb3 50. Kg5 Rh1 51. Kg4 Rg1+ 52. Kf3 h5 53. Kf2 Rg5 0-1

[Event "Dinslaken - Solingen 3"]
[Site "?"]
[Date "2024.04.28"]
[Round "9.8"]
[White "Borchert, Andreas"]
[Black "Fetahovic, Dzenan"]
[Result "1-0"]
[WhiteElo "1983"]
[BlackElo "1834"]
[PlyCount "77"]
[EventDate "2024.??.??"]

1. e4 e5 2. Bc4 Nf6 3. d3 Nc6 4. Nf3 Be7 5. O-O O-O 6. Re1 d6 7. h3 Na5 8. Bb3 Nxb3 9. axb3 b6 10. c4 Bb7 11. b4 Nd7 12. Nc3 c5 13. bxc5 bxc5 14. g4 Bc6 15. Bd2 Qc7 16. Qc2 Rfb8 17. Reb1 a6 18. Nd5 Bxd5 19. cxd5 Qc8 20. Ba5 Bd8 21. Nd2 Bxa5 22. Rxa5 Rb5 23. Rba1 Rxa5 24. Rxa5 Nb6 25. b3 h5 26. f3 hxg4 27. hxg4 Qd8 28. Qa2 Qc8 29. Kg2 g6 30. Nf1 f5 31. exf5 gxf5 32. Ne3 fxg4 33. Nxg4 Kg7 34. Qd2 Qf8 35. Qh6+ Kf7 36. Qe6+ Kg7 37. Ra1 Re8 38. Qh6+ Kg8 39. Qg6+ 1-0

[Event "Bielefeld - Letmathe"]
[Site "?"]
[Date "2024.04.28"]
[Round "9.1"]
[White "Haub, Thorsten Michael"]
[Black "Forchert, Martin"]
[Result "1/2-1/2"]
[WhiteElo "2338"]
[BlackElo "2313"]
[PlyCount "71"]
[EventDate "2024.??.??"]

1. Nf3 d5 2. g3 c6 3. Bg2 Bg4 4. b3 e6 5. Bb2 Nd7 6. O-O Ngf6 7. d3 Bd6 8. Nbd2 O-O 9. h3 Bh5 10. Qe1 e5 11. e4 Re8 12. Nh4 Qc7 13. a3 Rad8 14. Nf5 Bf8 15. Ne3 Nc5 16. exd5 Nxd5 17. Ne4 Ne6 18. Qd2 Bg6 19. Rfe1 f6 20. b4 Nxe3 21. Qxe3 a5 22. Nc5 Nd4 23. Bxd4 Rxd4 24. Nb3 Rd7 25. Nxa5 c5 26. Bxb7 cxb4 27. Bc6 bxa3 28. Bxd7 Qxd7 29. Nc4 Qxh3 30. Nxa3 Rc8 31. Nc4 Be8 32. Ra6 Bb5 33. Qb6 Bxa6 34. Qxa6 Bc5 35. Ne3 Bxe3 36. Qa2+ 1/2-1/2

[Event "Bielefeld - Letmathe"]
[Site "?"]
[Date "2024.04.28"]
[Round "9.2"]
[White "Gruen, Gerd-Peter"]
[Black "Bosch, Jeroen"]
[Result "1/2-1/2"]
[WhiteElo "2255"]
[BlackElo "2404"]
[PlyCount "118"]
[EventDate "2024.??.??"]

1. d4 Nf6 2. Nf3 d6 3. g3 g6 4. Bg2 Bg7 5. O-O O-O 6. c4 c6 7. Nc3 Bf5 8. b3 Ne4 9. Bb2 Nxc3 10. Bxc3 Be4 11. Rc1 e6 12. Bh3 Bxf3 13. exf3 d5 14. c5 Nd7 15. b4 b6 16. a4 bxc5 17. bxc5 Rb8 18. f4 Qc7 19. Qc2 Rb7 20. Rfd1 Rfb8 21. Bf1 Rb3 22. Ba1 Ra3 23. Rd3 Rxd3 24. Bxd3 Bf6 25. h4 Qb7 26. h5 Kg7 27. hxg6 hxg6 28. Kg2 Qb3 29. Qxb3 Rxb3 30. Bc2 Ra3 31. Bb2 Ra2 32. Rb1 Nxc5 33. dxc5 Rxb2 34. Rxb2 Bxb2 35. a5 Ba3 36. Ba4 Bxc5 37. Bxc6 Kf6 38. Kf3 Ke7 39. Ke2 Kd6 40. Be8 Ke7 41. Bc6 Ba3 42. a6 Bc5 43. Bb5 Bb6 44. Bc6 Bc7 45. Kd3 Bb6 46. Ke2 Bc7 47. Kd3 f6 48. f3 Ba5 49. Ke2 Bc3 50. Bb5 Bb2 51. Bc6 Bc1 52. Kd1 Be3 53. Ke2 Bg1 54. Kf1 Bb6 55. Ke2 Bc7 56. Kd3 Kd6 57. Be8 g5 58. fxg5 fxg5 59. g4 Ke5 1/2-1/2

[Event "Bielefeld - Letmathe"]
[Site "?"]
[Date "2024.04.28"]
[Round "9.3"]
[White "Schleining, Zoya"]
[Black "Simon, Hans Christian"]
[Result "1-0"]
[WhiteElo "2334"]
[BlackElo "2159"]
[PlyCount "135"]
[EventDate "2024.??.??"]

1. e4 e5 2. Nf3 Nf6 3. Nxe5 d6 4. Nf3 Nxe4 5. d4 d5 6. Bd3 Bd6 7. O-O O-O 8. c4 c6 9. Nc3 Nxc3 10. bxc3 dxc4 11. Bxc4 Bf5 12. Ng5 h6 13. Qf3 Bg6 14. Ne4 Bxh2+ 15. Kxh2 Qh4+ 16. Qh3 Qxh3+ 17. gxh3 Bxe4 18. Rg1 g6 19. Bxh6 Re8 20. h4 Nd7 21. h5 Kh7 22. Be3 Bd5 23. Bd3 Be4 24. Be2 b5 25. Rg3 Nf6 26. Rag1 Bf5 27. hxg6+ fxg6 28. Bf3 Ne4 29. R3g2 Rac8 30. Rc1 Nd6 31. Kg1 Be4 32. Rh2+ Kg7 33. Bf4 Bxf3 34. Bxd6 Bh5 35. Be5+ Kg8 36. f4 Rf8 37. c4 a6 38. a4 bxc4 39. Rxc4 Bd1 40. Rb4 Kf7 41. Rd2 Bf3 42. Kf2 Bd5 43. Rb6 Ke6 44. Ke3 g5 45. fxg5 Rf3+ 46. Ke2 Rcf8 47. Bf6 Kf5 48. Rd3 Re8+ 49. Be5 Rf4 50. Re3 Rg4 51. Kd3 a5 52. Rb2 Rxg5 53. Rf2+ Kg6 54. Rf6+ Kh5 55. Rh3+ Kg4 56. Rfh6 Re6 57. R3h4+ Kf3 58. Rf4+ Kg2 59. Rxe6 Bxe6 60. Rf6 Bd5 61. Bc7 Rh5 62. Ke2 Rh7 63. Rg6+ Kh3 64. Bxa5 Re7+ 65. Kf2 Rf7+ 66. Kg1 Ra7 67. Be1 Re7 68. Rg3+ 1-0

[Event "Bielefeld - Letmathe"]
[Site "?"]
[Date "2024.04.28"]
[Round "9.4"]
[White "Goessling, Guido"]
[Black "Soukup, Jiri"]
[Result "1-0"]
[WhiteElo "2172"]
[BlackElo "2321"]
[PlyCount "79"]
[EventDate "2024.??.??"]

1. e4 c5 2. Nf3 d6 3. d4 cxd4 4. Nxd4 Nf6 5. Nc3 Nc6 6. Bg5 e6 7. Qd2 Be7 8. O-O-O O-O 9. f4 Qb6 10. Nxc6 bxc6 11. e5 dxe5 12. fxe5 Nd5 13. Bxe7 Nxe7 14. Na4 Qb8 15. Qd6 Nf5 16. Qc5 a5 17. g4 Nh4 18. a3 Ng6 19. Rd6 Qa7 20. Rxc6 Bb7 21. Qxa7 Rxa7 22. Rc7 Nxe5 23. Rg1 Rc8 24. Rxc8+ Bxc8 25. c4 Bb7 26. Kc2 Bf3 27. g5 Rd7 28. Nc3 Bh5 29. b4 a4 30. Rg2 Ng4 31. Kb2 Ne3 32. Rf2 Bg6 33. c5 Bd3 34. Bxd3 Rxd3 35. c6 Nc4+ 36. Kc2 Rd6 37. Nxa4 Nxa3+ 38. Kb3 Rd3+ 39. Nc3 Nb1 40. Rc2 1-0

[Event "Bielefeld - Letmathe"]
[Site "?"]
[Date "2024.04.28"]
[Round "9.5"]
[White "Gruermann, Martin"]
[Black "Koehler, Justus"]
[Result "1/2-1/2"]
[WhiteElo "2213"]
[BlackElo "2072"]
[PlyCount "106"]
[EventDate "2024.??.??"]

1. c4 Nf6 2. Nc3 g6 3. g3 Bg7 4. Bg2 O-O 5. Nf3 d6 6. O-O Nc6 7. d4 a6 8. b3 Rb8 9. Bb2 b5 10. cxb5 axb5 11. Rc1 b4 12. Na4 Bd7 13. Qc2 Na5 14. Qxc7 Qxc7 15. Rxc7 Bxa4 16. bxa4 Nd5 17. Rc2 Rfc8 18. Rfc1 Rxc2 19. Rxc2 Nb6 20. Bc1 Nxa4 21. Bg5 Nc3 22. Bxe7 Nc4 23. Nd2 Na3 24. Rb2 Nxe2+ 25. Kf1 Bxd4 26. Bxd6 Bxb2 27. Bxb8 Nc3 28. Bd6 Nxa2 29. Bd5 Nb5 30. Bc5 Bc1 31. Ne4 Nac3 32. Nf6+ Kg7 33. Ne8+ Kh6 34. Bxf7 Kg5 35. Be6 h5 36. h4+ Kh6 37. Bxb4 Ba3 38. Ba5 Ne4 39. Bd8 Bc5 40. Bg8 Nbd6 41. Nxd6 Nxd6 42. Bd5 Nf5 43. Bg5+ Kg7 44. Be4 Bd4 45. Ke2 Bc5 46. Bc1 Bd4 47. Bf4 Kf7 48. f3 Kf6 49. Kf1 Ne3+ 50. Ke2 Nf5 51. Bb1 Bc5 52. Bc7 Nd4+ 53. Kf1 Nxf3 1/2-1/2

[Event "Bielefeld - Letmathe"]
[Site "?"]
[Date "2024.04.28"]
[Round "9.6"]
[White "Roemhild, Marcus"]
[Black "Pfleger, Sascha"]
[Result "0-1"]
[WhiteElo "2043"]
[BlackElo "2051"]
[PlyCount "96"]
[EventDate "2024.??.??"]

1. c4 e6 2. g3 f5 3. Bg2 Nf6 4. Nc3 c5 5. d3 Nc6 6. e4 fxe4 7. dxe4 Be7 8. Nge2 O-O 9. O-O Ne8 10. Be3 b6 11. Qd2 Bf6 12. f4 Bxc3 13. Nxc3 Ba6 14. b3 Qe7 15. Rad1 Rd8 16. Rfe1 Rf7 17. e5 Bb7 18. Nb5 Ra8 19. Nc3 Rc8 20. Ne4 Qd8 21. Ng5 Re7 22. Qc2 g6 23. Bh3 Qc7 24. Qd2 Ba8 25. Bg2 Rg7 26. Ne4 Rf7 27. Re2 Nb4 28. a3 Bxe4 29. Bxe4 Nc6 30. Qd3 Ng7 31. Red2 Nf5 32. Bxf5 gxf5 33. Qe2 Na5 34. Rd3 Rd8 35. Bd2 Nc6 36. Bc3 Rg7 37. Rd6 Rf8 38. b4 cxb4 39. axb4 a5 40. bxa5 bxa5 41. Qd2 Qb6+ 42. Kg2 Rd8 43. Qf2 Qb7 44. Qf3 Rc8 45. Ra1 Ra8 46. Rd2 Qb3 47. Rxa5 Rxa5 48. Bxa5 Qxf3+ 0-1

[Event "Bielefeld - Letmathe"]
[Site "?"]
[Date "2024.04.28"]
[Round "9.7"]
[White "Heeke, Guido"]
[Black "Paneff, Florian"]
[Result "1/2-1/2"]
[WhiteElo "1924"]
[BlackElo "2055"]
[PlyCount "91"]
[EventDate "2024.??.??"]

1. c4 c6 2. d4 d5 3. cxd5 cxd5 4. Nc3 Nf6 5. Nf3 Nc6 6. Bf4 e6 7. e3 Be7 8. Bd3 Nh5 9. Bg3 Nxg3 10. hxg3 h6 11. Rc1 Qb6 12. Qe2 Bd7 13. O-O O-O 14. Bb1 Rfc8 15. g4 a5 16. g3 a4 17. Kg2 a3 18. b3 Qd8 19. Qd3 g6 20. Rh1 Bf8 21. Qd2 Be8 22. Ne2 Rc7 23. Nf4 Rac8 24. Bxg6 fxg6 25. Nxe6 Qd6 26. Nxc7 Rxc7 27. Ne1 Rf7 28. Nd3 Bd7 29. f3 Qf6 30. Rhf1 g5 31. Rf2 Bd6 32. Nc5 Bc8 33. Nd3 Bb8 34. Qe2 Rf8 35. Rc5 Qd6 36. f4 Qe6 37. Qf3 Qxg4 38. Qxg4 Bxg4 39. Rxd5 Bf5 40. Rxf5 Rxf5 41. e4 Rb5 42. d5 Nb4 43. Rd2 Nxd3 44. Rxd3 Kf7 45. e5 Ke8 46. Kf3 1/2-1/2

[Event "Brühl - Lasker Köln "]
[Site "?"]
[Date "2024.04.28"]
[Round "9.1"]
[White "Paris, Michael"]
[Black "Loifenfeld, Jakov"]
[Result "1/2-1/2"]
[WhiteElo "2142"]
[BlackElo "2370"]
[PlyCount "26"]
[EventDate "2024.??.??"]

1. e4 e6 2. d4 d5 3. Nc3 Nf6 4. Bd3 c5 5. Nf3 c4 6. Be2 dxe4 7. Ne5 a6 8. Bg5 Be7 9. Bxc4 b5 10. Bb3 Bb7 11. O-O Nc6 12. Nxc6 Bxc6 13. Re1 O-O 1/2-1/2

[Event "Brühl - Lasker Köln "]
[Site "?"]
[Date "2024.04.28"]
[Round "9.2"]
[White "Keller, Thomas"]
[Black "Wiekert, Martin"]
[Result "0-1"]
[WhiteElo "2228"]
[BlackElo "2225"]
[PlyCount "92"]
[EventDate "2024.??.??"]

1. e4 e6 2. d4 d5 3. Nd2 c5 4. dxc5 Bxc5 5. Bd3 Nc6 6. Ngf3 Nf6 7. O-O O-O 8. e5 Ng4 9. Nb3 Be7 10. Re1 f6 11. Ng5 f5 12. Nf3 Qb6 13. Re2 Bd7 14. c3 Qc7 15. Qe1 a6 16. Nbd4 Kh8 17. h3 Nh6 18. Bf4 Nf7 19. Qd2 Nxd4 20. Nxd4 Nd8 21. Nxf5 exf5 22. e6 Qc6 23. exd7 Qxd7 24. Rae1 Nc6 25. Re6 Bc5 26. Qe2 Qf7 27. b4 Ba7 28. Bd6 Rfd8 29. a4 Rac8 30. Bxf5 Rxd6 31. Re8+ Rxe8 32. Qxe8+ Qg8 33. b5 axb5 34. axb5 Na5 35. Qxg8+ Kxg8 36. Re7 Bc5 37. Re5 Kf7 38. Bxh7 g6 39. h4 Nc4 40. Re2 Rf6 41. h5 gxh5 42. Bd3 Re6 43. Kf1 Rxe2 44. Kxe2 Kf6 45. g3 Nd6 46. Kf3 Ne4 0-1

[Event "Brühl - Lasker Köln "]
[Site "?"]
[Date "2024.04.28"]
[Round "9.3"]
[White "Pawelzik, Malte"]
[Black "Gramb, Marius"]
[Result "0-1"]
[WhiteElo "2148"]
[BlackElo "2099"]
[PlyCount "78"]
[EventDate "2024.??.??"]

1. e4 e5 2. Nf3 Nc6 3. Bb5 a6 4. Ba4 Nf6 5. O-O b5 6. Bb3 Bc5 7. a4 Rb8 8. c3 d6 9. d4 Bb6 10. h3 h6 11. Be3 O-O 12. Nbd2 Re8 13. Re1 Bd7 14. Bc2 exd4 15. cxd4 Nb4 16. Bb3 c5 17. a5 Ba7 18. dxc5 dxc5 19. e5 Nfd5 20. Bxd5 Nxd5 21. Ne4 Nxe3 22. Rxe3 c4 23. Re1 Be6 24. Nd6 Re7 25. Nd4 Qd7 26. Ra3 Bc5 27. Rg3 Rd8 28. Nxe6 Qxe6 29. Kf1 Bxd6 30. exd6 Qxe1+ 31. Qxe1 Rxe1+ 32. Kxe1 Rxd6 33. Re3 Kf8 34. Re5 Re6 35. Rxe6 fxe6 36. Kd2 Ke7 37. Ke3 Kd6 38. Ke4 Kc5 39. f4 Kb4 0-1

[Event "Brühl - Lasker Köln "]
[Site "?"]
[Date "2024.04.28"]
[Round "9.4"]
[White "Engel, Johann"]
[Black "Nagel, Bernhard"]
[Result "0-1"]
[WhiteElo "2122"]
[BlackElo "2150"]
[PlyCount "112"]
[EventDate "2024.??.??"]

1. d4 d5 2. c4 e6 3. Nc3 Be7 4. Nf3 Nf6 5. Bg5 h6 6. Bh4 O-O 7. e3 Nbd7 8. cxd5 Nxd5 9. Bxe7 Qxe7 10. Bd3 Nxc3 11. bxc3 e5 12. Bc2 exd4 13. cxd4 Qb4+ 14. Qd2 Qxd2+ 15. Kxd2 c5 16. Rhc1 b6 17. Ba4 cxd4 18. exd4 Nf6 19. Bb3 Bb7 20. Rc7 Bxf3 21. gxf3 Rad8 22. Kd3 Nd5 23. Rxa7 Nb4+ 24. Kc3 Nc6 25. Rb7 Nxd4 26. Rxb6 Nxf3 27. a4 Rc8+ 28. Kb4 Rfd8 29. Rd1 Nd2 30. Re1 Rd4+ 31. Ka3 Rd3 32. Kb2 Nxb3 33. Rxb3 Rd2+ 34. Ka3 Rxf2 35. h3 Ra8 36. Re5 g5 37. a5 Kg7 38. Ka4 f6 39. Rc5 Ra2+ 40. Ra3 Rxa3+ 41. Kxa3 Kg6 42. Kb4 f5 43. Rc6+ Kh5 44. Rf6 f4 45. Kb5 Rb8+ 46. Kc4 Rh8 47. a6 Kh4 48. a7 h5 49. Ra6 Ra8 50. Ra3 g4 51. hxg4 hxg4 52. Kd3 f3 53. Ke3 Kg3 54. Ke4 Kh2 55. Ra2+ Kg1 56. Ra1+ Kg2 0-1

[Event "Brühl - Lasker Köln "]
[Site "?"]
[Date "2024.04.28"]
[Round "9.5"]
[White "Fox, Daniel"]
[Black "Kubitza, Georg"]
[Result "1-0"]
[WhiteElo "2157"]
[BlackElo "1987"]
[PlyCount "41"]
[EventDate "2024.??.??"]

1. e4 Nf6 2. Nc3 e5 3. Nf3 Nc6 4. d4 exd4 5. Nxd4 Bb4 6. Nxc6 bxc6 7. Bd3 d5 8. exd5 cxd5 9. O-O O-O 10. Bg5 c6 11. Qf3 Be7 12. Rae1 h6 13. Bxh6 gxh6 14. Qe3 Bd6 15. Qxh6 Be6 16. Qg5+ Kh8 17. Qh6+ Kg8 18. Re3 c5 19. Rf3 c4 20. Rxf6 cxd3 21. Qg5+ 1-0

[Event "Brühl - Lasker Köln "]
[Site "?"]
[Date "2024.04.28"]
[Round "9.7"]
[White "Loseries, Uwe"]
[Black "Yeritsyan, Artur"]
[Result "1/2-1/2"]
[WhiteElo "2146"]
[BlackElo "1878"]
[PlyCount "64"]
[EventDate "2024.??.??"]

1. d4 d5 2. c4 e6 3. Nf3 Nf6 4. Bg5 Be7 5. Nc3 O-O 6. e3 Nbd7 7. Rc1 h6 8. Bh4 c6 9. Bd3 dxc4 10. Bxc4 b5 11. Bd3 Bb7 12. O-O a6 13. Qe2 c5 14. dxc5 Nxc5 15. Bb1 b4 16. Nd1 Rc8 17. Bxf6 Bxf6 18. e4 a5 19. Qe3 Be7 20. b3 Qb6 21. Nb2 Nd7 22. Qd2 Rfd8 23. Nc4 Qa6 24. Qf4 a4 25. Rfd1 axb3 26. axb3 Nc5 27. Rxd8+ Rxd8 28. Qe3 Qa8 29. Re1 Qa1 30. Rc1 Qa8 31. Re1 Qa1 32. Rc1 Qa8 1/2-1/2

[Event "Brühl - Lasker Köln "]
[Site "?"]
[Date "2024.04.28"]
[Round "9.8"]
[White "Jopek, Eugen"]
[Black "Mandt, Mathias"]
[Result "0-1"]
[WhiteElo "1947"]
[BlackElo "2058"]
[PlyCount "54"]
[EventDate "2024.??.??"]

1. e4 Nf6 2. e5 Nd5 3. c4 Nb6 4. d4 d6 5. f4 dxe5 6. fxe5 c5 7. d5 g6 8. Nf3 Bg4 9. h3 Bxf3 10. Qxf3 Bg7 11. Bf4 O-O 12. Nc3 e6 13. Be2 exd5 14. cxd5 N8d7 15. e6 fxe6 16. dxe6 Ne5 17. Qe4 Qd6 18. Rd1 Qxe6 19. O-O Qe7 20. Nd5 Nxd5 21. Rxd5 Rae8 22. Bb5 Nc6 23. Qc4 Kh8 24. Bxc6 bxc6 25. Rxc5 Qe2 26. Rxc6 Qxb2 27. Re6 Qd4+ 0-1

[Event "Elberfeld - Welper"]
[Site "?"]
[Date "2024.04.28"]
[Round "9.1"]
[White "Bastians, Felix"]
[Black "Odendahl, Reiner"]
[Result "0-1"]
[WhiteElo "2156"]
[BlackElo "2273"]
[PlyCount "80"]
[EventDate "2024.??.??"]

1. Nf3 Nf6 2. g3 g6 3. b4 Bg7 4. Bb2 c6 5. c4 d5 6. Qc2 O-O 7. Bg2 Nbd7 8. O-O Re8 9. d3 e5 10. e3 dxc4 11. dxc4 Qc7 12. Nbd2 c5 13. a3 Rb8 14. Ng5 b6 15. Rfd1 Bf8 16. b5 h6 17. Nge4 Bb7 18. a4 a5 19. bxa6 Bxa6 20. Nc3 Rbd8 21. Nd5 Nxd5 22. cxd5 Nf6 23. Nc4 Bg7 24. Rab1 Bxc4 25. Qxc4 Rd6 26. e4 Re7 27. Ba3 Qa7 28. Rb5 Qa6 29. Rc1 h5 30. Bf1 Kh7 31. Qc2 Qa8 32. Bd3 Ra7 33. Bb2 Ne8 34. Qb3 Rxa4 35. Rxb6 Rxb6 36. Qxb6 Rb4 37. Qxc5 Rxb2 38. d6 Nf6 39. Qxe5 Rxf2 40. Qd4 Ng4 0-1

[Event "Elberfeld - Welper"]
[Site "?"]
[Date "2024.04.28"]
[Round "9.2"]
[White "Volkov, Mykyta"]
[Black "Schaller, Fabian"]
[Result "1-0"]
[WhiteElo "2271"]
[BlackElo "2091"]
[PlyCount "65"]
[EventDate "2024.??.??"]

1. d4 Nf6 2. c4 e6 3. Nc3 c5 4. d5 exd5 5. cxd5 d6 6. Nf3 g6 7. Nd2 Bg7 8. e4 O-O 9. Be2 Re8 10. O-O Nbd7 11. a4 a6 12. h3 Rb8 13. Ra3 h6 14. a5 g5 15. Nc4 Nxe4 16. Nxe4 Rxe4 17. Nxd6 Rd4 18. Qc2 Nf6 19. Nxc8 Rxc8 20. f4 g4 21. hxg4 Nxd5 22. Rh3 Nb4 23. Qf5 Rc6 24. g5 Qd7 25. Qb1 Rdd6 26. f5 hxg5 27. Bxg5 Nd5 28. Qe1 Rf6 29. Bc4 Ne7 30. Rd3 Rcd6 31. Bxf6 Rxd3 32. Bxg7 Qd4+ 33. Bxd4 1-0